[Event "Women's Speed Chess Q6"]
[Site "chess.com INT"]
[Date "2021.06.05"]
[Round "13"]
[White "Nguyen, Hong Ngoc"]
[Black "Balabayeva, Xeniya"]
[Result "0-1"]
[WhiteTitle "WCM"]
[BlackTitle "WFM"]
[WhiteElo "1957"]
[BlackElo "2116"]
[WhiteFideId "12403083"]
[BlackFideId "13719688"]
[EventDate "2021.06.05"]

1. e4 c6 2. d3 d5 3. Nd2 g6 4. g3 Bg7 5. Bg2 e5 6. Ngf3 Ne7 7. c3 O-O 8. O-O h6
9. h3 Be6 10. Re1 Nd7 11. Qc2 f5 12. exd5 cxd5 13. c4 Rc8 14. Rb1 Bf7 15. b3 d4
16. Ba3 Re8 17. Re2 Nc6 18. Rbe1 Qc7 19. b4 a6 20. Qb1 b5 21. cxb5 axb5 22. Rc1
Qb6 23. Qb2 e4 24. dxe4 d3 25. Qb1 dxe2 26. exf5 Nd4 27. fxg6 Bxg6 28. Rxc8 Rxc8
29. Qe1 Re8 30. Kh2 Nc2 31. Qc1 e1=Q 32. Nxe1 Rxe1 33. Bd5+ Kh8 0-1

[Event "Women's Speed Chess Q6"]
[Site "chess.com INT"]
[Date "2021.06.05"]
[Round "13"]
[White "Chu, Ruotong"]
[Black "Nemcova, Katerina"]
[Result "0-1"]
[WhiteTitle "WIM"]
[BlackTitle "WGM"]
[WhiteElo "2207"]
[BlackElo "2331"]
[WhiteFideId "8605653"]
[BlackFideId "322750"]
[EventDate "2021.06.05"]

1. Nf3 d5 2. g3 c6 3. Bg2 Nf6 4. O-O Bg4 5. c4 e6 6. Qb3 Qc7 7. d4 Nbd7 8. Bf4
Qb6 9. c5 Qxb3 10. axb3 a6 11. Nc3 Be7 12. Nd2 h6 13. e4 g5 14. Be3 dxe4 15.
Ndxe4 Nd5 16. Bd2 f5 17. f3 Bh5 18. Nf2 Bf6 19. Ra4 Kf7 20. Re1 b5 21. cxb6
N7xb6 22. Nxd5 exd5 23. Rb4 Rhb8 24. g4 Bg6 25. gxf5 Bxf5 26. Bh3 Bxh3 27. Nxh3
a5 28. Rxb6 Rxb6 29. Bc3 Rxb3 30. f4 gxf4 31. Nxf4 a4 32. Nh5 Bg5 33. Rf1+ Kg6
34. Nf4+ Bxf4 35. Rxf4 a3 0-1

[Event "Women's Speed Chess Q6"]
[Site "chess.com INT"]
[Date "2021.06.05"]
[Round "13"]
[White "Obregon Garcia, Roxangel"]
[Black "Varshini, V"]
[Result "1-0"]
[WhiteTitle "WIM"]
[BlackTitle "WGM"]
[WhiteElo "2167"]
[BlackElo "2226"]
[WhiteFideId "3520420"]
[BlackFideId "5091241"]
[EventDate "2021.06.05"]

1. e4 c5 2. Nf3 d6 3. d4 cxd4 4. Qxd4 Nc6 5. Qe3 Nf6 6. h3 e6 7. Be2 Be7 8. O-O
O-O 9. Rd1 Qc7 10. c4 a6 11. Nc3 b6 12. b3 Bb7 13. Bb2 Ne5 14. Nd4 Nfd7 15. Rac1
Rac8 16. f4 Nc6 17. Nd5 exd5 18. cxd5 Nxd4 19. Rxc7 Nxe2+ 20. Qxe2 Rxc7 21. e5
Bc8 22. Rd3 Rd8 23. Rg3 Bf8 24. e6 Nc5 25. f5 Bb7 26. Qg4 fxe6 27. dxe6 Bc8 28.
b4 Na4 29. Bf6 Re8 30. Qh5 1-0

[Event "Women's Speed Chess Q6"]
[Site "chess.com INT"]
[Date "2021.06.05"]
[Round "13"]
[White "Kubicka, Anna"]
[Black "Gaponenko, Inna"]
[Result "0-1"]
[WhiteTitle "WIM"]
[BlackTitle "IM"]
[WhiteElo "2210"]
[BlackElo "2357"]
[WhiteFideId "1152254"]
[BlackFideId "14101181"]
[EventDate "2021.06.05"]

1. e4 g6 2. d4 Bg7 3. Nc3 d6 4. Nge2 a6 5. a4 Nc6 6. g3 e5 7. d5 Nd4 8. Nxd4
exd4 9. Ne2 Qe7 10. Bg2 Nf6 11. O-O Nxe4 12. Nxd4 O-O 13. Re1 f5 14. c3 Qf7 15.
f3 Nf6 16. Ne6 Bxe6 17. dxe6 Qe7 18. Bg5 h6 19. Bxf6 Rxf6 20. f4 c6 21. Qb3 Re8
22. Re2 d5 23. c4 Qc5+ 24. Qe3 d4 25. Qd3 Rfxe6 26. Rxe6 Rxe6 27. Kh1 Re3 28.
Qd2 Qxc4 29. Rc1 Qb3 30. Bf1 Kh7 31. Bc4 Qxa4 32. b3 Qa3 33. Re1 b5 34. Bf7 Qe7
35. Rxe3 dxe3 0-1

[Event "Women's Speed Chess Q6"]
[Site "chess.com INT"]
[Date "2021.06.05"]
[Round "13"]
[White "Frayna, Janelle Mae"]
[Black "Socko, Monika"]
[Result "0-1"]
[WhiteTitle "WGM"]
[BlackTitle "GM"]
[WhiteElo "2179"]
[BlackElo "2393"]
[WhiteFideId "5212499"]
[BlackFideId "1106619"]
[EventDate "2021.06.05"]

1. e4 e6 2. d4 d5 3. Nc3 Nf6 4. e5 Nfd7 5. f4 c5 6. Nf3 a6 7. Be3 Qb6 8. Na4
Qa5+ 9. c3 cxd4 10. b4 Qc7 11. Bxd4 Nc6 12. Rc1 b5 13. Nb2 Be7 14. Bd3 O-O 15.
O-O f5 16. a4 Rb8 17. axb5 axb5 18. Ra1 Nxd4 19. Nxd4 Qxc3 20. Nxe6 Qxb2 21.
Nxf8 Qd4+ 22. Kh1 Nxf8 23. Qe2 Bxb4 24. Bxb5 Be6 25. Rad1 Qe4 26. Bd3 Qxe2 27.
Bxe2 Bc5 28. Bf3 Rd8 29. h3 Ng6 30. Bh5 Ne7 31. Be2 d4 32. Bd3 Nd5 33. Ra1 Ne3
34. Rfc1 Bb4 35. Rc7 Bf8 36. g3 Nd5 37. Rca7 Nb4 38. Bb5 d3 39. Kg1 d2 40. Kf1
Nc2 0-1

[Event "Women's Speed Chess Q6"]
[Site "chess.com INT"]
[Date "2021.06.05"]
[Round "13"]
[White "Sikorova, Olga"]
[Black "Ziegenfuss, Antonia"]
[Result "0-1"]
[WhiteTitle "WGM"]
[BlackTitle "WFM"]
[WhiteElo "2215"]
[BlackElo "2157"]
[WhiteFideId "307033"]
[BlackFideId "12962554"]
[EventDate "2021.06.05"]

1. c4 c5 2. g3 Nf6 3. Bg2 d5 4. cxd5 Nxd5 5. Nc3 Nc7 6. Nf3 Nc6 7. O-O e5 8. b3
Be6 9. Bb2 f6 10. Rc1 Rc8 11. Na4 b6 12. Qc2 Qd7 13. Qe4 Be7 14. Nc3 Nd4 15. Qb1
O-O 16. e3 Nxf3+ 17. Bxf3 f5 18. d3 f4 19. Ne4 Bh3 20. Bxe5 Bxf1 21. Rxf1 fxg3
22. fxg3 Nd5 23. Qc1 Rf7 24. a3 Rcf8 25. Bg2 Rxf1+ 26. Bxf1 Qf5 27. Bg2 Bg5 28.
Nxg5 Qxe5 29. Ne4 Nf6 30. Qc4+ Kh8 31. b4 Nxe4 32. Bxe4 Qa1+ 33. Kg2 Qf1# 0-1

[Event "Women's Speed Chess Q6"]
[Site "chess.com INT"]
[Date "2021.06.05"]
[Round "13"]
[White "Kotepalli, Sai Nirupama"]
[Black "Szente Varga, Fruzsina"]
[Result "1-0"]
[WhiteTitle "WFM"]
[BlackTitle "WFM"]
[WhiteElo "1914"]
[BlackElo "2100"]
[WhiteFideId "5039444"]
[BlackFideId "712264"]
[EventDate "2021.06.05"]

1. e4 Nf6 2. d3 d5 3. Nd2 dxe4 4. dxe4 e5 5. Ngf3 Bd6 6. Bd3 O-O 7. O-O Nbd7 8.
Nc4 Re8 9. Re1 Nc5 10. c3 Bg4 11. h3 Bxf3 12. Qxf3 Bf8 13. Bc2 h6 14. Be3 Qe7
15. Rad1 Rad8 16. b4 Ncd7 17. Na5 Rb8 18. Bb3 c5 19. a3 cxb4 20. cxb4 Rec8 21.
Rc1 Nb6 22. Bc5 Qe8 23. Be3 Qe7 24. Qf5 Nfd7 25. Red1 Rxc1 26. Rxc1 Nf6 27. Rc5
Re8 28. Rc1 Qd6 29. Rd1 Qc7 30. Qg6 Nbd7 31. Bxf7+ Kh8 32. Bxe8 b6 33. Bxd7 Nxd7
34. Qf7 bxa5 35. Rxd7 Qc2 36. Qxf8+ Kh7 37. Rxg7# 1-0

[Event "Women's Speed Chess Q6"]
[Site "chess.com INT"]
[Date "2021.06.05"]
[Round "13"]
[White "Eswaran, Aksithi"]
[Black "Golubenko, Valentina"]
[Result "1-0"]
[WhiteTitle "WCM"]
[BlackTitle "WGM"]
[WhiteElo "1745"]
[BlackElo "2209"]
[WhiteFideId "2083485"]
[BlackFideId "4501993"]
[EventDate "2021.06.05"]

1. e4 e6 2. d4 d5 3. e5 c5 4. c3 Nc6 5. Nf3 Nge7 6. a3 cxd4 7. cxd4 Nf5 8. b4
Qb6 9. Bb2 a5 10. b5 Na7 11. a4 Bb4+ 12. Nc3 Bd7 13. Rc1 O-O 14. Be2 Rac8 15.
O-O h6 16. h3 Be7 17. Bd3 Nh4 18. Nxh4 Bxh4 19. Qg4 Be7 20. Nxd5 exd5 21. Qxd7
Bg5 22. Rxc8 Nxc8 23. Qxd5 Ne7 24. Qe4 Ng6 25. f4 Bd8 26. f5 Ne7 27. Ba3 f6 28.
Bc4+ Kh7 29. Bc5 Qc7 30. Rc1 fxe5 31. f6+ Kh8 32. fxe7 Bxe7 33. Bxe7 Qxe7 34.
Qxe5 Qa3 35. Rf1 Rxf1+ 36. Bxf1 Qf8 37. d5 Qc5+ 38. Kh1 b6 39. Qe8+ Kh7 40. Bd3+
g6 41. Qxg6+ Kh8 42. Qh7# 1-0

[Event "Women's Speed Chess Q6"]
[Site "chess.com INT"]
[Date "2021.06.05"]
[Round "13"]
[White "Komiagina, Maria"]
[Black "Maklakova, Nellija"]
[Result "0-1"]
[WhiteTitle "WIM"]
[WhiteElo "2241"]
[BlackElo "1828"]
[WhiteFideId "4153987"]
[BlackFideId "11603470"]
[EventDate "2021.06.05"]

1. e4 e6 2. d4 d5 3. exd5 exd5 4. Nf3 Bd6 5. c4 c6 6. c5 Bc7 7. h3 Be6 8. Bd3
Nd7 9. O-O h6 10. Re1 Qf6 11. Nc3 Ne7 12. Qc2 g5 13. Nh2 h5 14. Ne2 O-O-O 15. b4
Nf5 16. b5 Nxd4 17. Nxd4 Qxd4 18. Be3 Qg7 19. bxc6 Ne5 20. cxb7+ Kb8 21. Bd4 g4
22. h4 g3 23. fxg3 Qxg3 24. Re3 Qf4 25. Qc3 Nxd3 26. Nf3 Ne5 27. Nxe5 Rhg8 28.
Nf3 Rxg2+ 29. Kxg2 Rg8+ 30. Ng5 Qxh4 31. Bf6 Qg4+ 32. Kf2 h4 0-1

[Event "Women's Speed Chess Q6"]
[Site "chess.com INT"]
[Date "2021.06.05"]
[Round "13"]
[White "Bodnaruk, Anastasia"]
[Black "Purtseladze, Maka"]
[Result "1-0"]
[WhiteTitle "IM"]
[BlackTitle "IM"]
[WhiteElo "2446"]
[BlackElo "2274"]
[WhiteFideId "4181751"]
[BlackFideId "13602659"]
[EventDate "2021.06.05"]

1. e4 c6 2. d4 d5 3. e5 Bf5 4. Nf3 e6 5. Be2 Nd7 6. O-O Ne7 7. c3 Ng6 8. Re1 Be7
9. b4 Bxb1 10. Rxb1 Nb6 11. Bd3 Nc4 12. Bxc4 dxc4 13. Nd2 b5 14. Ne4 a5 15. a3
axb4 16. axb4 O-O 17. g3 Qd5 18. Qg4 Ra2 19. h4 f5 20. exf6 gxf6 21. Nd2 f5 22.
Qe2 f4 23. Qxe6+ Qxe6 24. Rxe6 fxg3 25. fxg3 Bxh4 26. gxh4 Nf4 27. Re3 Nd3 28.
Re2 Rf4 29. Rg2+ Kh8 30. Nf1 Rxg2+ 31. Kxg2 Rf2+ 32. Kg1 Rc2 33. Bg5 Rxc3 34. d5
Rb3 35. dxc6 Ra3 36. c7 Ra8 37. Ne3 h6 38. Bd8 c3 39. Nc2 Kh7 40. Rd1 1-0

[Event "Women's Speed Chess Q6"]
[Site "chess.com INT"]
[Date "2021.06.05"]
[Round "13"]
[White "Perez Rodriguez, Jennifer"]
[Black "Padmini, Rout"]
[Result "1-0"]
[WhiteTitle "WIM"]
[BlackTitle "IM"]
[WhiteElo "2251"]
[BlackElo "2370"]
[WhiteFideId "3507831"]
[BlackFideId "5029295"]
[EventDate "2021.06.05"]

1. e4 c5 2. c3 Nf6 3. e5 Nd5 4. Nf3 e6 5. d4 cxd4 6. cxd4 Be7 7. Bd3 d6 8. a3
Nd7 9. O-O b6 10. Qe2 Bb7 11. Re1 O-O 12. Qe4 g6 13. Bh6 Re8 14. Qg4 dxe5 15.
dxe5 Nc5 16. Bb5 Nb3 17. Ra2 Qc7 18. Bxe8 Rxe8 19. Nbd2 Qc2 20. Nxb3 Qxb3 21.
Raa1 Qxb2 22. a4 Bc5 23. Qg3 Nc3 24. Qh4 Nd5 25. Rad1 Qa2 26. Ng5 Be7 27. Qg4
Rc8 28. Ne4 Qb2 29. Nd6 Bxd6 30. exd6 Qa3 31. Qd4 f6 32. d7 Rd8 33. Rxe6 Rxd7
34. Re8+ Kf7 35. Rf8+ Ke6 36. Re1+ Kd6 37. Rxf6+ Kc7 38. Rc1+ Qxc1+ 39. Bxc1
Nxf6 40. Bf4+ Kc8 41. Qc4+ Kd8 42. h3 Ke8 43. Qe6+ Re7 44. Qxf6 Bc8 45. Bg5 Bd7
46. Qxe7# 1-0

[Event "Women's Speed Chess Q6"]
[Site "chess.com INT"]
[Date "2021.06.05"]
[Round "13"]
[White "Kashlinskaya, Alina"]
[Black "Mammadova, Gulnar"]
[Result "0-1"]
[WhiteTitle "IM"]
[BlackTitle "IM"]
[WhiteElo "2494"]
[BlackElo "2382"]
[WhiteFideId "4198026"]
[BlackFideId "13403508"]
[EventDate "2021.06.05"]

1. d4 g6 2. c4 Bg7 3. Nf3 d6 4. e4 Nd7 5. Nc3 e5 6. Be3 Ne7 7. Be2 O-O 8. O-O f5
9. dxe5 f4 10. Bd2 dxe5 11. b4 h6 12. Qb3 c5 13. Nd5 g5 14. Rad1 Nc6 15. Bc3 Nd4
16. Nxd4 exd4 17. Bb2 b6 18. Bg4 Ne5 19. Bxc8 Rxc8 20. f3 h5 21. a4 g4 22. fxg4
Qg5 23. Bc1 Ng6 24. gxh5 Qxh5 25. b5 Rce8 26. Qf3 Qxf3 27. gxf3 Bh6 28. Kf2 Ne5
29. Rg1+ Kh7 30. Ke2 Nxc4 31. Rg4 Ne3 32. Bxe3 fxe3 33. Rdg1 c4 34. Rg6 d3+ 35.
Ke1 Rxf3 36. Nf6+ Rxf6 37. Rxf6 e2 38. Rf7+ Kh8 39. Rg6 Bf8 40. Kf2 Bc5+ 41. Ke1
Bb4+ 42. Kf2 e1=Q+ 0-1

[Event "Women's Speed Chess Q6"]
[Site "chess.com INT"]
[Date "2021.06.05"]
[Round "13"]
[White "Dauletova, Gulmira"]
[Black "Matveeva, Olga"]
[Result "1-0"]
[WhiteTitle "WGM"]
[BlackTitle "WIM"]
[WhiteElo "2257"]
[BlackElo "2145"]
[WhiteFideId "13702971"]
[BlackFideId "24107018"]
[EventDate "2021.06.05"]

1. e4 e6 2. d4 d5 3. e5 c5 4. c3 Qb6 5. Nf3 Nc6 6. a3 Nh6 7. b4 cxd4 8. Bxh6
gxh6 9. b5 Na5 10. cxd4 Rg8 11. Nbd2 Bd7 12. g3 Rc8 13. a4 Bb4 14. Rb1 Bc3 15.
Bd3 Nc4 16. O-O Nxd2 17. Nxd2 Bxd4 18. Nf3 Bc3 19. Bxh7 Rg7 20. Bd3 h5 21. Qe2
Rg4 22. Bc2 Ke7 23. Kg2 Rh8 24. h3 Rg7 25. Nh4 Qd4 26. Nf3 Qf4 27. Rb3 h4 28.
Nxh4 Bxe5 29. Nf3 Bd6 30. Ng1 Rxg3+ 31. fxg3 Qh6 32. Rbf3 f5 33. Rxf5 Rg8 34.
Rf7+ Kd8 35. Rh7 Rxg3+ 36. Kh1 Qg6 37. Bxg6 1-0

[Event "Women's Speed Chess Q6"]
[Site "chess.com INT"]
[Date "2021.06.05"]
[Round "13"]
[White "Arabidze, Meri"]
[Black "Belenkaya, Dina"]
[Result "0-1"]
[WhiteTitle "IM"]
[BlackTitle "WGM"]
[WhiteElo "2432"]
[BlackElo "2341"]
[WhiteFideId "13604040"]
[BlackFideId "24142654"]
[EventDate "2021.06.05"]

1. Nf3 d5 2. d4 Nf6 3. c4 dxc4 4. e3 e6 5. Bxc4 a6 6. O-O c5 7. Nc3 b5 8. Be2
Bb7 9. Ne5 Nbd7 10. Bf3 Qb8 11. Nxd7 Nxd7 12. Bxb7 Qxb7 13. d5 b4 14. dxe6 fxe6
15. Ne2 Be7 16. Nf4 O-O 17. Nxe6 Rf6 18. Nf4 c4 19. Qd5+ Qxd5 20. Nxd5 Rf7 21.
Bd2 a5 22. a3 b3 23. Nxe7+ Rxe7 24. Bc3 Nc5 25. Rfd1 Nd3 26. Rd2 a4 27. Rad1
Rae8 28. Kf1 Kf7 29. Rxd3 cxd3 30. Rxd3 Re4 31. Ke2 Rc8 32. Rd7+ Re7 33. Rd3
Rec7 34. Kd2 g6 35. Rd4 Rc4 36. Rd7+ Ke6 37. Rb7 R8c7 38. Rb6+ R7c6 39. Rb7 h5
40. h3 Rd6+ 41. Ke2 h4 42. Rb8 Rd7 43. Rb6+ Rd6 44. Rb7 Kd5 45. Rb5+ Kc6 46. Rb8
Rd7 47. Rc8+ Kd5 48. Rb8 Kc6 49. Rc8+ Rc7 50. Rb8 Rb7 51. Rc8+ Kb5 52. Rd8 Rxc3
53. bxc3 b2 54. Rd1 Kc4 55. Rb1 Kxc3 56. Kd1 Rd7+ 57. Ke2 Kc2 0-1

[Event "Women's Speed Chess Q6"]
[Site "chess.com INT"]
[Date "2021.06.05"]
[Round "13"]
[White "Nurmanova, Alua"]
[Black "Vo, Thi Kim Phung"]
[Result "0-1"]
[WhiteTitle "WFM"]
[BlackTitle "WGM"]
[WhiteElo "2093"]
[BlackElo "2335"]
[WhiteFideId "13729390"]
[BlackFideId "12401838"]
[EventDate "2021.06.05"]

1. e4 e6 2. d4 d5 3. Nc3 Nf6 4. e5 Nfd7 5. f4 c5 6. Nf3 Nc6 7. Be3 Be7 8. Qd2 c4
9. b3 Bb4 10. a3 Qa5 11. axb4 Qxa1+ 12. Nd1 cxb3 13. cxb3 a6 14. Bd3 Qa3 15. O-O
Qxb4 16. Qc2 g6 17. g4 h5 18. f5 hxg4 19. fxe6 gxf3 20. exd7+ Bxd7 21. Qf2 Rh3
22. Qb2 O-O-O 23. Nf2 Rhh8 24. Bg5 Rde8 25. Bf6 Rh5 26. Qc2 Kb8 27. Rc1 Qxd4 28.
e6 Qxf6 29. exd7 Rd8 30. Qd2 Rg5+ 31. Kf1 Rg2 32. Qe3 Rxd7 33. Bxa6 Qe5 34.
Qxe5+ Nxe5 35. Bb5 Rc7 36. Re1 f6 37. Bd3 g5 38. Bf5 Rc3 39. Ra1 Rxb3 40. Bh3
Rxh2 41. Kg1 Rxf2 42. Kxf2 g4 43. Bf1 f5 44. Re1 Nd3+ 45. Bxd3 Rxd3 46. Re8+ Ka7
47. Re7 Rd2+ 48. Kg3 f2 49. Kg2 f4 50. Rg7 g3 51. Rf7 Rd1 0-1

[Event "Women's Speed Chess Q6"]
[Site "chess.com INT"]
[Date "2021.06.05"]
[Round "13"]
[White "Nandhidhaa, P V"]
[Black "Vantika, Agrawal"]
[Result "0-1"]
[WhiteTitle "WGM"]
[BlackTitle "WIM"]
[WhiteElo "2365"]
[BlackElo "2286"]
[WhiteFideId "5050847"]
[BlackFideId "25050389"]
[EventDate "2021.06.05"]

1. e4 e6 2. d4 d5 3. Nc3 Bb4 4. exd5 exd5 5. Bd3 Nf6 6. Ne2 O-O 7. O-O c6 8. a3
Bd6 9. Bf4 b6 10. Qd2 Ba6 11. Bxd6 Qxd6 12. Ng3 Bxd3 13. Qxd3 g6 14. Rfe1 Nbd7
15. h4 h5 16. Qf3 Rae8 17. Nce2 Ne4 18. Rad1 Ndf6 19. Nf4 Nd2 20. Rxd2 Rxe1+ 21.
Nf1 Rfe8 22. g3 Ne4 23. Rd3 Nf6 24. Kg2 Ng4 25. Nd2 Kg7 26. Nb3 Rb1 27. Nd2 Rxb2
28. Rc3 Ra2 29. Qd1 Rxa3 30. Nb3 a5 31. Rf3 a4 32. Nd2 Rxf3 33. Qxf3 a3 34. Nb3
a2 35. Nd3 Ra8 36. Na1 Qf6 37. Qe2 Qxd4 38. Nb3 Qf6 39. c3 Qxc3 40. Ndc1 a1=Q
41. Nxa1 Rxa1 42. Nd3 Qd4 43. Qf3 Qe4 44. Qxe4 dxe4 0-1

[Event "Women's Speed Chess Q6"]
[Site "chess.com INT"]
[Date "2021.06.05"]
[Round "13"]
[White "Sviridova, Vlada"]
[Black "Golubeva, Oksana"]
[Result "1-0"]
[WhiteTitle "WFM"]
[BlackTitle "WFM"]
[WhiteElo "2144"]
[BlackElo "2179"]
[WhiteFideId "24109606"]
[BlackFideId "4170164"]
[EventDate "2021.06.05"]

1. d4 e6 2. c4 Nf6 3. Nf3 d5 4. Nc3 h6 5. h3 a6 6. cxd5 exd5 7. Bf4 Bd6 8. Bxd6
Qxd6 9. e3 Bf5 10. Bd3 Bxd3 11. Qxd3 O-O 12. O-O Nbd7 13. a3 Nb6 14. b3 Rfe8 15.
a4 Ne4 16. Ne2 a5 17. Nf4 c6 18. Qc2 Qb4 19. Rac1 Nc8 20. Nd3 Qe7 21. Nfe5 f6
22. Nf3 Ncd6 23. Rfe1 Qf7 24. Nh2 Nf5 25. g4 Nfd6 26. f3 Ng5 27. h4 Ne6 28. Nf1
Re7 29. Ng3 Rae8 30. Kf2 Nd8 31. Qd2 b6 32. Nf4 g5 33. Nd3 gxh4 34. Nf5 Nxf5 35.
gxf5 Qh5 36. Nf4 Qxf5 37. Rg1+ Kh7 38. Rce1 Nf7 39. Rg4 Ng5 40. Rxh4 c5 41. Reh1
Rxe3 42. Rxh6+ Kg7 43. Rg6+ Qxg6 44. Nxg6 Rxf3+ 45. Kg2 Kxg6 46. Re1 Rh8 47.
Qc2+ f5 48. Re5 Rfh3 49. Qxf5+ Kh6 50. Qxg5+ Kh7 51. Re7# 1-0

[Event "Women's Speed Chess Q6"]
[Site "chess.com INT"]
[Date "2021.06.05"]
[Round "13"]
[White "Tania, Sachdev"]
[Black "Mohota, Nisha"]
[Result "1-0"]
[WhiteTitle "IM"]
[BlackTitle "IM"]
[WhiteElo "2392"]
[BlackElo "2195"]
[WhiteFideId "5007844"]
[BlackFideId "5004330"]
[EventDate "2021.06.05"]

1. d4 f5 2. g3 g6 3. Bg2 Bg7 4. c4 d6 5. Nc3 Nh6 6. Nf3 O-O 7. Qc2 c6 8. O-O Na6
9. a3 Nf7 10. b4 e5 11. e3 Nc7 12. dxe5 dxe5 13. Bb2 e4 14. Nd4 Ne5 15. Nce2 Nd3
16. Bc3 Qe7 17. Nf4 Nxf4 18. gxf4 Ne6 19. Ne2 Bxc3 20. Qxc3 Qg7 21. Qxg7+ Kxg7
22. Rfd1 Rf7 23. c5 Bd7 24. Ng3 Re8 25. Bf1 Nc7 26. Rd6 Be6 27. Rad1 Bd5 28. a4
Rc8 29. b5 Ne8 30. bxc6 Nxd6 31. Rxd5 Ne8 32. cxb7 Rxb7 33. Ba6 Rb1+ 34. Kg2 Rc7
35. Ne2 Nf6 36. Rd8 Rxc5 37. Nd4 Rb6 38. Bc8 Kh6 39. Be6 Rb2 40. Rf8 Ng4 41. Bg8
Rc7 42. Ne6 Nxe3+ 43. Kg3 Nf1+ 44. Kg2 Nd2 45. Nxc7 Nf3 46. Rf7 g5 47. Rxh7+ Kg6
48. Ne6 g4 49. Nf8+ Kf6 50. Rf7# 1-0

[Event "Women's Speed Chess Q6"]
[Site "chess.com INT"]
[Date "2021.06.05"]
[Round "13"]
[White "Eswaran, Ashritha"]
[Black "Tokhirjonova, Gulrukhbegim"]
[Result "1-0"]
[WhiteTitle "WIM"]
[BlackTitle "WGM"]
[WhiteElo "2244"]
[BlackElo "2344"]
[WhiteFideId "2080788"]
[BlackFideId "14203626"]
[EventDate "2021.06.05"]

1. e4 e5 2. Nf3 Nc6 3. d4 exd4 4. Nxd4 Nf6 5. Nxc6 bxc6 6. Bd3 d5 7. exd5 cxd5
8. O-O Be7 9. Bg5 O-O 10. Nc3 c6 11. Re1 Be6 12. Qf3 h6 13. Bd2 Rb8 14. b3 Bd6
15. h3 c5 16. g4 Nh7 17. Bxh7+ Kxh7 18. Nb5 Be7 19. Bf4 Rb7 20. c4 Qd7 21. Rad1
d4 22. Qe4+ Kg8 23. Qe5 a6 24. Nc7 Bf6 25. Qd6 Rd8 26. Nxe6 fxe6 27. Qxe6+ Qxe6
28. Rxe6 a5 29. Ra6 d3 30. Rxa5 Bd4 31. Kg2 Rf7 32. Bg3 Rdf8 33. f4 Re7 34. Rxd3
Re2+ 35. Kf3 Rb2 36. f5 Re8 37. Bd6 Rf2+ 38. Kg3 Ree2 39. Bxc5 Be5+ 40. Kh4 Bf6+
41. Kg3 Rg2+ 42. Kf3 Rh2 43. Bg1 Rhg2 44. c5 Rc2 45. Be3 Rh2 46. Ke4 Rxh3 47.
Kd5 Re2 48. Ke4 Bg5 49. c6 Rhxe3+ 50. Rxe3 Rxe3+ 51. Kd5 Rc3 52. Rc5 Rd3+ 53.
Ke4 Re3+ 54. Kd4 Re1 55. c7 Be3+ 56. Kd3 Bxc5 57. c8=Q+ Bf8 58. b4 Rd1+ 59. Ke2
Rb1 60. b5 Rb2+ 61. Kf3 Rxa2 62. Qc4+ 1-0

[Event "Women's Speed Chess Q6"]
[Site "chess.com INT"]
[Date "2021.06.05"]
[Round "13"]
[White "Starosta, Martyna"]
[Black "Zakirova, Aisha"]
[Result "1/2-1/2"]
[WhiteTitle "WCM"]
[BlackTitle "WCM"]
[WhiteElo "1910"]
[BlackElo "1585"]
[WhiteFideId "21818754"]
[BlackFideId "13719734"]
[EventDate "2021.06.05"]

1. e4 c5 2. Nf3 d6 3. d4 cxd4 4. Nxd4 Nf6 5. Nc3 Nc6 6. Be3 Ng4 7. Bc1 Qb6 8.
Bb5 Bd7 9. Bxc6 bxc6 10. O-O g6 11. h3 Bg7 12. Nce2 Nf6 13. Be3 Qb7 14. Ng3 O-O
15. c4 Qxb2 16. Qd3 Qb7 17. Rab1 Qc7 18. Qd2 Rab8 19. Bh6 Rxb1 20. Rxb1 Rb8 21.
Rxb8+ Qxb8 22. Bxg7 Kxg7 23. Qg5 Nxe4 24. Ngf5+ Bxf5 25. Nxf5+ Kh8 26. Qxe7 gxf5
27. Qxf7 Qc8 28. Kh2 d5 29. cxd5 cxd5 30. Qxd5 Qc7+ 31. Kg1 Qc1+ 32. Kh2 Qf4+
33. Kh1 Nxf2+ 34. Kg1 Ne4 35. Qd8+ Kg7 36. Qe7+ Kh6 37. Qf8+ Kg6 38. Qg8+ Kf6
39. Qf8+ Ke6 40. Qe8+ Kd5 41. Qd7+ Kc4 42. Qc6+ Kd3 43. Qb5+ Ke3 44. Qb3+ Ke2
45. Qc2+ Qd2 46. Qc4+ Qd3 47. Qe6 Qe3+ 48. Kh2 Qg3+ 49. Kg1 Qf2+ 50. Kh2 Kf1 51.
Qc4+ Qe2 52. Qc1+ Kf2 53. Qf4+ Ke1 54. Qc1+ Qd1 55. Qe3+ Qe2 56. Qc1+ Kf2 57.
Qf4+ Ke1 58. Qc1+ 1/2-1/2

[Event "Women's Speed Chess Q6"]
[Site "chess.com INT"]
[Date "2021.06.05"]
[Round "13"]
[White "Morris-Suzuki, Sophie"]
[Black "Pourkashiyan, Atousa"]
[Result "0-1"]
[WhiteTitle "WFM"]
[BlackTitle "WGM"]
[WhiteElo "2043"]
[BlackElo "2322"]
[WhiteFideId "30922615"]
[BlackFideId "12502014"]
[EventDate "2021.06.05"]

1. e4 c5 2. Nf3 e6 3. d4 cxd4 4. Nxd4 a6 5. Bd3 Qc7 6. Qe2 d6 7. O-O Nf6 8. f4
Be7 9. Kh1 Nbd7 10. c4 b6 11. Nc3 Bb7 12. Bd2 Rc8 13. Rae1 Nc5 14. e5 Nxd3 15.
Qxd3 Nd7 16. exd6 Qxd6 17. b3 Bf6 18. Be3 Nc5 19. Qd2 O-O 20. Rd1 Rfd8 21. Qf2
Qe7 22. Nde2 Nd3 23. Qg3 b5 24. c5 Nxc5 25. f5 exf5 26. Nd4 f4 27. Rxf4 Ne6 28.
Nf5 Qf8 29. Rxd8 Rxd8 30. Ne2 Nxf4 31. Qxf4 Rd1+ 32. Ng1 Qa8 33. h3 Bxg2+ 34.
Kh2 Be4 35. Ng3 Bg6 36. b4 Rd8 37. Nf3 h6 38. h4 Qb8 39. Qg4 Be5 40. Nxe5 Qxe5
41. Bf4 Qb2+ 42. Kh3 Qxb4 43. h5 Bh7 44. Qh4 Qd4 45. Qg4 Qd7 46. Qxd7 Rxd7 47.
Kg4 Rd3 48. Kh3 Ra3 49. Kg4 Rxa2 50. Be5 f6 51. Bf4 Rb2 52. Nf5 Bxf5+ 53. Kxf5
a5 54. Ke6 Rc2 55. Kd5 a4 56. Bd6 Rc3 57. Bb4 Rb3 58. Bd6 a3 59. Kc5 a2 60. Be5
fxe5 61. Kd6 a1=Q 62. Ke6 Qd4 63. Kf5 e4 64. Ke6 e3 65. Kf5 e2 66. Kg6 Rg3+ 67.
Kf5 Rf3+ 68. Kg6 Qf6# 0-1